Consejos a un joven escritor: narrativa, cine, teatro, radio
Spremljeno u:
| Glavni autor: | |
|---|---|
| Format: | Knjiga |
| Jezik: | španjolski |
| Izdano: |
Barcelona
Península
1997
|
| Izdanje: | 1a. ed |
| Serija: | Atalaya
|
| Teme: | |
| Oznake: |
Dodaj oznaku
Bez oznaka, Budi prvi tko označuje ovaj zapis!
|
MARC
| LEADER | 00000nam a2200000 a 4500 | ||
|---|---|---|---|
| 001 | UCH4180 | ||
| 003 | CL-VaPUC | ||
| 008 | 090818e19970000SP |||||||||||||||||spa|d | ||
| 020 | |a 8483070294 | ||
| 082 | 0 | 4 | |a 460 |b CER |2 21 |
| 100 | 0 | |a Cerami, Vincenzo |e author |9 539649 | |
| 245 | 1 | 0 | |a Consejos a un joven escritor: narrativa, cine, teatro, radio |
| 250 | |a 1a. ed | ||
| 300 | |a 181 p | ||
| 942 | |c BK | ||
| 945 | |d 20090818 00:00:00 |a ccalabra | ||
| 260 | |a Barcelona |b Península |c 1997 | ||
| 650 | 0 | |a Lingüística |9 265068 | |
| 650 | 0 | |a Literatura |9 259151 | |
| 650 | 0 | |a Comunicación audiovisual |9 268089 | |
| 650 | 0 | |a Escritores |9 313723 | |
| 650 | 0 | |a Comunicación oral |9 307769 | |
| 650 | 0 | |a Interpretación |9 258846 | |
| 583 | |a last modification |c 20090818 00:00:00 |k Rodrigo Vera | ||
| 490 | 0 | |a Atalaya | |
| 999 | |c 335517 |d 335515 | ||